LEADER 00935nam0-22003371i-450- 001 990003310020403321 005 20001010 035 $a000331002 035 $aFED01000331002 035 $a(Aleph)000331002FED01 035 $a000331002 100 $a20001010d--------km-y0itay50------ba 101 0 $aita 105 $ay-------001yy 200 1 $aESPANA Y SU COMERCIO 210 $aNAPOLI$cSCHETTINI$d1973 610 0 $aDidattica Spagnola 676 $a407.4 700 1$aCecchini,$bMario$0121431 801 0$aIT$bUNINA$gRICA$2UNIMARC 901 $aBK 912 $a990003310020403321 952 $a407.4 CEC$bLINGUE 1377 a$fDECLI 952 $a407.4 CEC /1$bLINGUE 1377 b$fDECLI 952 $a407.4 CEC /2$bLINGUE 1377 c$fDECLI 952 $a407.4 CEC /3$bLINGUE 1377 d$fDECLI 952 $a407.4 CEC /4$bLINGUE 1377 e$fDECLI 959 $aDECLI 996 $aESPANA Y SU COMERCIO$9447029 997 $aUNINA DB $aING01 LEADER 00809nam a2200253 i 4500 001 991001743619707536 005 20020503153122.0 008 000505s1961 it ||| | ita 035 $ab10266628-39ule_inst 035 $aEXGIL90779$9ExL 040 $aBiblioteca Interfacoltà$bita 082 0 $a540.1 100 1 $aBurckhardt, Titus$0131405 245 10$aAlchimia /$cTitus Burckhardt 260 $aTorino :$bBoringhieri,$c1961 300 $a176 p. 500 $aTit. orig.: Alchemie 650 4$aAlchimia 907 $a.b10266628$b02-04-14$c27-06-02 912 $a991001743619707536 945 $aLE002 Ps. I D 9$g1$i2002000552075$lle002$o-$pE0.00$q-$rl$s- $t0$u2$v1$w2$x0$y.i10317788$z27-06-02 996 $aAlchimia$9211780 997 $aUNISALENTO 998 $ale002$b01-01-00$cm$da $e-$fita$git $h0$i1